000 00329nam a2200133Ia 4500
008 150201s2009 xx 000 0 und d
082 _a616.157
_bD09B
100 _aBHARGAVA,SK
245 _aDIAGNOSTIC APPROACH IN RADIOLOGY
250 _a1ST
260 _bPEEPEE
_aDELHI
_c2009
650 _aRADIOLOGY & DIAGNOSIS
942 _2ddc
_cBK
999 _c768
_d768